Every Song by Collective Soul - Statistics

General Stats
  • This quiz has been taken 8 times
    4 since last reset
  • The average score is 46 of 139
Answer Stats
Album Song % Correct
Collective Soul(1995) December
100%
Dosage(1999) Heavy
100%
Youth(2004) Home
100%
Hints Allegations and Things Left Unsaid(1993) Shine
100%
Collective Soul(1995) The World I Know
100%
Hints Allegations and Things Left Unsaid(1993) All
75%
Disciplined Breakdown(1997) Disciplined Breakdown
75%
Dosage(1999) Run
75%
Collective Soul(1995) Where the River Flows
75%
Collective Soul/Rabbit(2009) You
75%
Blender(2000) After All
50%
See What You Started by Continuing(2015) AYTA
50%
Collective Soul(1995) Bleed
50%
Blender(2000) Boast
50%
Home(2006) Burn
50%
Hints Allegations and Things Left Unsaid(1993) Burning Bridges
50%
Collective Soul(1995) Collection of Goods
50%
Dosage(1999) Compliment
50%
Dosage(1999) Crown
50%
Collective Soul/Rabbit(2009) Fuzzy
50%
Collective Soul(1995) Gel
50%
Afterwords(2007) Georgia Girl
50%
Afterwords(2007) Good Morning After All
50%
Afterwords(2007) Hollywood
50%
Youth(2004) How Do You Love?
50%
See What You Started by Continuing(2015) Hurricane
50%
Afterwords(2007) I Don't Need Anymore Friends
50%
Disciplined Breakdown(1997) Listen
50%
Blender(2000) Over Tokyo
50%
Blender(2000) Perfect Day
50%
Blood(2019) Porch Swing
50%
Disciplined Breakdown(1997) Precious Declaration
50%
Collective Soul(1995) Reunion
50%
Youth(2004) Satellite
50%
Dosage(Hidden)(1999) She Said
50%
Collective Soul(1995) Simple
50%
Hints Allegations and Things Left Unsaid(1993) Sister Don't Cry
50%
Blender(2000) Skin
50%
Collective Soul(1995) Smashing Young Man
50%
See What You Started by Continuing(2015) This
50%
Dosage(1999) Tremble for My Beloved
50%
Youth(2004) Under Heaven's Skies
50%
Collective Soul(1995) Untitled
50%
Blender(2000) Vent
50%
Hints Allegations and Things Left Unsaid(1993) Wasting Time
50%
Hints Allegations and Things Left Unsaid(Bonus)(1993) Why
50%
Blender(2000) Why, Pt. 2
50%
Blender(2000) 10 Years Later
25%
Vibrating(2022) A Conversation With
25%
Afterwords(2007) Adored
25%
Afterwords(2007) All That I Know
25%
Hints Allegations and Things Left Unsaid(Bonus)(1993) Almost You
25%
See What You Started by Continuing(2015) Am I Getting Through
25%
Afterwords(2007) Bearing Witness
25%
Hints Allegations and Things Left Unsaid(1993) Beautiful World
25%
Youth(2004) Better Now
25%
Blood(2019) Big Sky
25%
Disciplined Breakdown(1997) Blame
25%
Hints Allegations and Things Left Unsaid(1993) Breathe
25%
See What You Started by Continuing(2015) Confession
25%
See What You Started by Continuing(2015) Contagious
25%
Youth(2004) Counting the Days
25%
Disciplined Breakdown(1997) Crowded Head
25%
Vibrating(2022) Cut the Cord
25%
Dosage(1999) Dandy Life
25%
Collective Soul/Rabbit(2009) Dig
25%
Seven Year Itch: Greatest Hits, 1994–2001(2001) Energy
25%
Disciplined Breakdown(1997) Everything
25%
See What You Started by Continuing(2015) Exposed
25%
Youth(2004) Feels Like (It Feels Alright)
25%
Disciplined Breakdown(1997) Forgiveness
25%
Disciplined Breakdown(1997) Full Circle
25%
Youth(2004) General Attitude
25%
Dosage(1999) Generate
25%
Afterwords(Bonus)(2007) Give
25%
Disciplined Breakdown(1997) Giving
25%
Hints Allegations and Things Left Unsaid(1993) Goodnight, Good Guy
25%
Blood(2019) Good Place to Start
25%
Blender(2000) Happiness
25%
Hints Allegations and Things Left Unsaid(1993) Heaven's Already Here
25%
Youth(2004) Him
25%
Collective Soul/Rabbit(2009) Hymn for My Father
25%
Hints Allegations and Things Left Unsaid(1993) In a Moment
25%
Disciplined Breakdown(1997) In Between
25%
See What You Started by Continuing(2015) Life
25%
Collective Soul/Rabbit(2009) Lighten Up
25%
Disciplined Breakdown(1997) Link
25%
Collective Soul/Rabbit(2009) Love
25%
Hints Allegations and Things Left Unsaid(1993) Love Lifted Me
25%
Disciplined Breakdown(1997) Maybe
25%
See What You Started by Continuing(2015) Memoirs of 2005
25%
Collective Soul/Rabbit(2009) My Days
25%
Dosage(1999) Needs
25%
Afterwords(2007) Never Here Alone
25%
Afterwords(2007) New Vibration
25%
Seven Year Itch: Greatest Hits, 1994–2001(2001) Next Homecoming
25%
Dosage(1999) No More, No Less
25%
Dosage(1999) Not the One
25%
Blood(2019) Now’s the Time
25%
Blood(2019) Observation of Thoughts
25%
Youth(2004) Perfect to Stay
25%
Dosage(1999) Persuasion
25%
Afterwords(2007) Persuasion of You
25%
Hints Allegations and Things Left Unsaid(1993) Pretty Donna
25%
Hints Allegations and Things Left Unsaid(1993) Reach
25%
Blood(2019) Right as Rain
25%
Vibrating(2022) Rule No. 1
25%
Hints Allegations and Things Left Unsaid(1993) Scream
25%
Collective Soul/Rabbit(2009) She Does
25%
Collective Soul(1995) She Gathers Rain
25%
Dosage(1999) Slow
25%
Vibrating(2022) Take
25%
Blood(2019) Them Blues
25%
Youth(2004) There's a Way
25%
See What You Started by Continuing(2015) Tradition
25%
Blender(2000) Turn Around
25%
Collective Soul/Rabbit(2009) Understanding
25%
Vibrating(2022) Undone
25%
Collective Soul/Rabbit(2009) Welcome All Again
25%
Afterwords(2007) What I Can Give You
25%
Collective Soul(1995) When the Water Falls
25%
See What You Started by Continuing(2015) Without Me
25%
Afterwords(Bonus)(2007) Ain't That Enough
0%
Vibrating(2022) All Our Pieces
0%
Afterwords(Bonus)(2007) An Evening With
0%
Vibrating(2022) Back Again
0%
Blood(2019) Changed
0%
Blood(2019) Crushed
0%
Collective Soul/Rabbit(Bonus)(2009) Heart to Heart
0%
Vibrating(2022) Just Looking Around
0%
Half & Half(2020) Let Her Out
0%
From the Ground Up(2005) Now You've Got Me Drinkin
0%
Half & Half(2020) Opera Star
0%
Blood(2019) Over Me
0%
Vibrating(2022) Reason
0%
Half & Half(2020) Smile
0%
Collective Soul/Rabbit(2009) Staring Down
0%
Collective Soul(Bonus)(1995) That's All Right
0%
Vibrating(2022) Where Do I Go
0%
No matching quizzes found
Score Distribution
Percent of People with Each Score
Percentile by Number Answered
Your Score History
You have not taken this quiz since the last reset